| 000 | 00906nam a2200181Ia 4500 | ||
|---|---|---|---|
| 008 | 100921s9999 xx 000 0 und d | ||
| 082 |
_b37331 _a618.92 न 03 |
||
| 100 | _aपै किशोरी. | ||
| 245 | _aविकार बाळांचे,मुलांचे आणि उपाययोजना. | ||
| 260 |
_bसुयोग प्रकाशन,पुणे. _c2003 |
||
| 300 |
_a72 _bमयुरेष बुक एजन्सी,कराड |
||
| 365 | _b60 | ||
| 520 | _aतंत्रविज्ञान-बालचिकित्सा. | ||
| 630 | _aविकार बाळांचे,मुलांचे आणि उपाययोजना. | ||
| 650 | _aतंत्रविज्ञान-बालचिकित्सा. | ||
| 730 | _aविकार बाळांचे,मुलांचे आणि उपाययोजना. | ||
| 942 | _cBOOK | ||
| 999 |
_c786444 _d786441 |
||